000 00333nam a22001457a 4500
003 SGT
020 _a978-81-239-2199-0
082 _a612.015
_bGUP
100 _aGUPTA, R. C.
245 _aMEDICAL BIOCHEMISTRY
260 _aDELHI , INDIA
_bCBS. PUB.
_c2013
300 _a410
650 _aMEDICAL BIOCHEMISTRY
942 _2ddc
_cBK
999 _c32383
_d32383